00754 2200205 4500001002100000005001500021035002000036008004100056245006100097100001900158250000600177260003800183300001200221084001400233082000800247650001000255520025900265990001200524990001200536INLIS00000000000135020240517074413 a0010-0524000585240517 1 ind 1 aNdung.Ndang.Nding Tersengat Cinta Endut /cAri Wulandari aWulandari, Ari a1 aYogyakarta :bSheila/ Andi,c2010 a174 hlm a813 ARI n a813 4aFiksi aApa akibatnya bila Endut, cowok berbadan 'sehat', penjual kolak dan es serut, ketemu dengan Tungder, cewek cakep nan tajir? Pastinya Endut senang, tapi maslahnya dia terlanjur pedekate sama Dinuk, yang awalnya nolak Endut, Dinuk mulai kasih sinyal-sinyal a0741542 a0741543